Normal view
MARC view
- Project Supervisors Asst Prof Saheeb Kayani Brig Dr. Muhammad Abbas
Entry Personal Name
001 - CONTROL NUMBER
- control field: 73065
003 - CONTROL NUMBER IDENTIFIER
- control field: NUST
005 - DATE AND TIME OF LATEST TRANSACTION
- control field: 20210628204949.0
008 - FIXED-LENGTH DATA ELEMENTS
- fixed length control field: 210628|| aca||aabn | a|a d
040 ## - CATALOGING SOURCE
- Original cataloging agency: NUST
- Transcribing agency: NUST
100 ## - HEADING--PERSONAL NAME
- Personal name: Project Supervisors Asst Prof Saheeb Kayani Brig Dr. Muhammad Abbas
670 ## - SOURCE DATA FOUND
- Source citation: Work cat.: (NUST): GC Muhammad Ashar Ehsan (199661) GC Muhammad Talha (199676) NS Muhammad Nauman Khan 73064, PR-SOF-1925-Mechanical Design for Gun Automation System, 2020
